000 00705nam a2200289Ia 4500
005 20260324135657.0
008 008 260324s9999 xx 000 0 eng d
020 _a9780203207024
037 _aEBOOK
040 _aCRL
040 _beng
040 _cCRL
041 _2eng
041 _aeng
084 _qCRL
100 _aIngolfur Blühdorn
_91201480
245 0 _aPost-Ecologist Politics
245 0 _bSocial Theory and the Abdication of the Ecologist Paradigm
260 _bTaylor and Francis
260 _c2000
365 _a
365 _b230
856 _uhttp://www.taylorfrancis.com/books/9780203207024
942 _cEBOOK
999 _c1802826
_d1802826